Among Us - POLUS - pomieszczenia - Statystyki

Ogólne statystyki
  • Ten quiz został rozwiązany 9 razy
  • Średni wynik to 12 z 15
Statystyki odpowiedzi
Podpowiedź Pokój % Poprawnych
Fill Canister Storage
100%
Stół Adminowy Admin
83%
Replace Water Jug, Open Waterways Boiler Room
83%
Reboot Wifi, Upload Data Communications
83%
Chart Course, Insert Keys Dropship
83%
Download Data, Fix Wiring Electrical
83%
Align Telescope, Repair Drill Laboratory
83%
Empty Garbage, Monitor Tree O2
83%
Swipe Card, Vitals Office
83%
Kamery Security
83%
Store Artifacts, Unlock Manifolds Specimen Room
83%
Clear Asteroids Weapons
83%
Inspect Sample, Submit Scan Medbay
67%
Fix Weather Node Outside
67%
Fix Wiring Decontaminations
33%
Nie znaleziono quizów pasujących do podanych kryteriów
Rozkład punktacji
Procent ludzi z każdym wynikiem
Percentyl według liczby udzielonych odpowiedzi
Twoja historia wyników
Nie rozwiązałeś tego quizu